| 000 | 01047cam a2200349 a 4500 | ||
|---|---|---|---|
| 001 | 13697972 | ||
| 003 | OSt | ||
| 005 | 20140310184340.0 | ||
| 008 | 040825s2005 nyu d 000 1 eng | ||
| 010 | _a 2004058329 | ||
| 020 | _a9780439672467 | ||
| 020 | _a0439672465 | ||
| 040 |
_aDLC _cDLC _dDLC |
||
| 042 | _alcac | ||
| 050 | 0 | 0 |
_aPZ 7 _b.D6475 2007 |
| 100 | 1 |
_aD'Lacey, Chris. _924502 |
|
| 245 | 1 | 0 |
_aIcefire / _cChris D'Lacey. |
| 260 |
_aNew York : _bScholastic Inc., _c2007. |
||
| 300 |
_a421 p. : _c21 cm. |
||
| 521 | _aG4 | ||
| 526 | _c690 | ||
| 650 | 1 |
_aSupernatural _vFiction. _924503 |
|
| 650 | 1 |
_aDragons _vFiction. _924504 |
|
| 650 | 1 |
_aBears _vFiction. _924505 |
|
| 650 | 1 |
_aBoardinghouses _vFiction. _924506 |
|
| 651 | 1 |
_aArctic Regions _vFiction. _924507 |
|
| 906 |
_a7 _bcbc _corignew _d1 _eocip _f20 _gy-gencatlg |
||
| 942 |
_2lcc _cBK-SCHOLAS |
||
| 999 |
_c33819 _d33819 |
||